000 00750nam a2200241 a 4500
001 50448
003 BD-RjUL
005 20211209075517.0
008 160827s1953 ii a 000 0 eng
035 _a(BD-RjUL)50568
040 _aBD-RjUL
_cCarP
_dDLC
_beng
041 _aeng
082 _223
_a347.5
_bRAE 1953
100 1 _aRatanlal Ranchhoddas.
_9140512
245 1 4 _aThe English and Indian law of torts /
_cRatanlal Ranchhoddas, Dhirajlal Keshavlal Thakore,
250 _a16th ed.
260 _aBombay :
_bBombay Law Reporter Office,
_c1953.
300 _alxxi, 546 p. ;
_c23 cm.
504 _aIncludes Index
650 0 _aTorts
_zGreat Britain.
_9141946
700 1 _aThakore, Dhirajlal Keshavlal,
_ejoint author.
_9140514
942 _2ddc
_cBK
999 _c50448
_d50448